000 00711nam a2200205Ia 4500
008 241004s9999 xx 000 0 und d
020 _a9789389381160
037 _aTextbook
040 _aARTS
_bhin
_cARTS
041 _ahin
_2hin
084 _aV2y7M91 152R2
_qARTS
100 _aनाईक, सी. डी., ले.
245 _aयुग दृष्टा डॉ. अम्बेडकर
_cनाईक, सी. डी., ले.
260 _aभारत
_bनई दिल्ली, आयु पब्लिकेशन्स,
_c2022
300 _a198पृ0
365 _aINR
_b1400
650 _aHistory-India
942 _cTB
_hV2y7M91 152R2
999 _c1218695
_d1218695